Dialóg o tme

Bibliographic Details
Main Author: Cintulová, Alena (Author)
Format: Article
Language:Slovak
PhysicalDescription:Fotogr. 1
Subjects:

MARC

LEADER 00000nab a2200000 a 4500
001 vtls000490736
003 SK-MaSNL
005 20260304010609.0
008 230131c1993 xo 0 slo
015 |a SNBRB19rr/mm-uuuuu 
035 |a CL0490874 
035 |a urn:nbn:sk:snk-ab2np1 
035 |a (urnnbn)urn:nbn:sk:snk:ar-a02ofh 
035 |a (uuid)80847d58-3442-477c-8480-da52b26ddeba 
040 |a SNKBUCL  |b slo  |c SNKBUCL  |e AACR2 
041 0 |a slo 
044 |a xo  |c SK 
080 |a 159.931-056.262  |2 1981 
080 |a 362.41  |2 1981 
080 |a 069.6.02(436)  |2 1981 
100 1 |a Cintulová, Alena  |4 aut  |9 380875 
245 1 0 |a Dialóg o tme  |c Alena Cintulová 
300 |b Fotogr. 1 
650 0 7 |a nevidiaci  |2 SNKPH  |9 1243 
650 0 7 |a slabozrakí  |2 SNKPH  |9 29997 
650 0 7 |a Prírodovedné múzeum, Viedeň  |2 SNK  |9 1288633 
650 0 7 |a zmyslové vnímanie  |2 SNKPH  |9 68938 
655 7 |a články z novín a časopisov  |2 SNK  |9 267496 
773 0 |t Múzeum  |g Roč. 38, č. 3 (1993), s. 39-40 
850 |a Slovenská národná knižnica v Martine  |a MTA001 
852 |a SNK  |b KIS3GCP 
954 |a odborná, vedecká literatúra pôvodná (slovenská)  |2 lita 
958 |a AT 
958 |a OND 
958 |a EUIPO 
958 |a article27 
992 |a RBX 
999 |c 2561713  |d 2563643